|
|
|
|
| LEADER |
01549nam a2200289 a 4500 |
| 001 |
7772 |
| 003 |
BD-DhAAL |
| 008 |
110306s2000 bg a b 000 0 ben |
| 020 |
|
|
|a 9848090010
|
| 040 |
|
|
|a BD-DhAAL
|c BD-DhAAL
|
| 041 |
|
|
|a ben
|
| 082 |
0 |
0 |
|a 330.9549205
|2 22
|
| 100 |
1 |
|
|a খান, শামসুল কবীর
|9 46685
|
| 245 |
1 |
0 |
|a বাংলাদেশের অর্থনীতি/
|c মো: শামসুল কবীর খান
|
| 246 |
|
|
|a Bangladesher arthaniti
|
| 250 |
|
|
|a Second edition
|
| 260 |
|
|
|a ঢাকা :
|b বাংলাদেশ বিশ্ববিদ্যালয় মঞ্জুরী কমিশন,
|c ২০০০.
|
| 300 |
|
|
|a ৬১৪ পৃষ্ঠা :
|b চিএ ;
|c ২০ সে.মি.
|
| 504 |
|
|
|a Includes bibliographical references.
|
| 541 |
|
|
|a Donated By Akbar Ali Khan
|e 7772, 37993
|
| 651 |
|
0 |
|a Bangladesh
|x Economic conditions.
|9 46686
|
| 852 |
4 |
|
|a Ayesha Abed Library
|j General Stacks
|
| 942 |
|
|
|2 ddc
|c BK
|
| 999 |
|
|
|c 10542
|d 10542
|
| 952 |
|
|
|0 0
|1 0
|2 ddc
|4 0
|6 330_954920500000000_KHA
|7 0
|9 14698
|a BRACUL
|b BRACUL
|c GEN
|d 2011-03-16
|l 1
|m 4
|o 330.9549205 KHA
|p 3010007772
|r 2025-12-03
|s 2025-11-04
|t 1
|w 2011-03-16
|y BK
|
| 952 |
|
|
|0 0
|1 0
|2 ddc
|4 0
|6 330_954920500000000_KHA
|7 0
|9 14699
|a BRACUL
|b BRACUL
|c GEN
|d 2011-03-16
|l 1
|m 16
|o 330.9549205 KHA
|p 3010007771
|q 2026-06-02
|r 2026-02-01
|s 2026-02-01
|t 2
|w 2011-03-16
|y BK
|
| 952 |
|
|
|0 0
|1 0
|2 ddc
|4 0
|6 330_954920500000000_KHA
|7 1
|9 70068
|a BRACUL
|b BRACUL
|c AAKC
|d 2022-03-09
|e Donated by Akbar Ali Khan
|l 0
|o 330.9549205 KHA
|p 3010037993
|r 2022-03-09
|t 3
|w 2022-03-09
|y BK
|